The geography of transport systems / (Record no. 3014)

000 -LEADER
fixed length control field 02503cam a22005298i 4500
006 - FIXED-LENGTH DATA ELEMENTS--ADDITIONAL MATERIAL CHARACTERISTICS--GENERAL INFORMATION
fixed length control field m o d
007 - PHYSICAL DESCRIPTION FIXED FIELD--GENERAL INFORMATION
fixed length control field cr |||||||||||
008 - FIXED-LENGTH DATA ELEMENTS--GENERAL INFORMATION
fixed length control field 191219s2020 enk ob 001 0 eng
040 ## - CATALOGING SOURCE
Original cataloging agency IMU Kochi Library
Language of cataloging eng
040 ## - CATALOGING SOURCE
Original cataloging agency
Language of cataloging eng
Description conventions rda
020 ## - INTERNATIONAL STANDARD BOOK NUMBER
International Standard Book Number 9780429346323
Qualifying information (ebook)
020 ## - INTERNATIONAL STANDARD BOOK NUMBER
International Standard Book Number 0429346328
Qualifying information (ebook)
020 ## - INTERNATIONAL STANDARD BOOK NUMBER
International Standard Book Number 9781000061581
Qualifying information (electronic bk. : EPUB)
020 ## - INTERNATIONAL STANDARD BOOK NUMBER
International Standard Book Number 1000061582
Qualifying information (electronic bk. : EPUB)
020 ## - INTERNATIONAL STANDARD BOOK NUMBER
International Standard Book Number 9781000061529
Qualifying information (electronic bk. : Mobipocket)
020 ## - INTERNATIONAL STANDARD BOOK NUMBER
International Standard Book Number 1000061523
Qualifying information (electronic bk. : Mobipocket)
020 ## - INTERNATIONAL STANDARD BOOK NUMBER
International Standard Book Number 9781000061468
Qualifying information (electronic bk. : PDF)
020 ## - INTERNATIONAL STANDARD BOOK NUMBER
International Standard Book Number 1000061469
Qualifying information (electronic bk. : PDF)
020 ## - INTERNATIONAL STANDARD BOOK NUMBER
International Standard Book Number 9781315618159
Qualifying information (electronic bk.)
020 ## - INTERNATIONAL STANDARD BOOK NUMBER
International Standard Book Number 131561815X
Qualifying information (electronic bk.)
020 ## - INTERNATIONAL STANDARD BOOK NUMBER
Qualifying information (hardback)
020 ## - INTERNATIONAL STANDARD BOOK NUMBER
Qualifying information (paperback)
041 0# - LANGUAGE CODE
Language code of text/sound track or separate title eng
072 #7 - SUBJECT CATEGORY CODE
Subject category code TRA
Subject category code subdivision 000000
Source bisacsh
072 #7 - SUBJECT CATEGORY CODE
Subject category code RGC
Source bicssc
082 00 - DEWEY DECIMAL CLASSIFICATION NUMBER
Classification number 388.01
Edition number 23
100 1# - MAIN ENTRY--PERSONAL NAME
Personal name Rodrigue, Jean-Paul,
Dates associated with a name 1967-
245 14 - TITLE STATEMENT
Title The geography of transport systems /
250 ## - EDITION STATEMENT
Edition statement Fifth edition.
300 ## - PHYSICAL DESCRIPTION
Extent 1 online resource
520 ## - SUMMARY, ETC.
Summary, etc "This expanded and revised fifth edition provides a comprehensive and accessible introduction to the field with a broad overview of its concepts, methods and areas of application. It provides an overview of the spatial aspects of transportation and focuses on how the mobility of passengers and freight is linked with geography. This volume is an essential resource for undergraduates studying transport geography, as well as those interested in economic and urban geography, transport planning and engineering. A companion web site, which contains photographs, maps, figures and PowerPoint presentations, can be found here: https://transportgeography.org/"--
650 #0 - SUBJECT ADDED ENTRY--TOPICAL TERM
Topical term or geographic name as entry element Transportation geography.
650 #7 - SUBJECT ADDED ENTRY--TOPICAL TERM
Topical term or geographic name as entry element TRANSPORTATION / General
Source of heading or term bisacsh
856 40 - ELECTRONIC LOCATION AND ACCESS
Uniform Resource Identifier <a href="https://www.taylorfrancis.com/books/9780429346323">https://www.taylorfrancis.com/books/9780429346323</a>
856 42 - ELECTRONIC LOCATION AND ACCESS
Uniform Resource Identifier <a href="http://www.oclc.org/content/dam/oclc/forms/terms/vbrl-201703.pdf">http://www.oclc.org/content/dam/oclc/forms/terms/vbrl-201703.pdf</a>
904 ## - LOCAL DATA ELEMENT D, LDD (RLIN)
CATALOGER Rudra Ranjan
905 ## - LOCAL DATA ELEMENT E, LDE (RLIN)
VERIFIER Rudra Ranjan
942 ## - ADDED ENTRY ELEMENTS (KOHA)
Item type E-Book
264 #1 -
-- Abingdon, Oxon ;
-- New York, NY :
-- Routledge,
-- 2020.
336 ## -
-- text
-- txt
-- rdacontent
337 ## -
-- computer
-- n
-- rdamedia
338 ## -
-- online resource
-- nc
-- rdacarrier
520 ## - SUMMARY, ETC.
-- Provided by publisher.
588 ## -
-- OCLC-licensed vendor bibliographic record.

No items available.



Copyright © All Rights Reserved by Indian Maritime University, Kochi Campus.
For any Suggestions/Query Contact to library or Email: library.kochi@imu.ac.in Ph:(0484)-2989402
(Web OPAC Designed by Rudra Ranjan. Maintained by IMU Kochi Library)

Powered by Koha